Mecánica de suelos
Gorde:
| Egile nagusia: | |
|---|---|
| Formatua: | Liburua |
| Hizkuntza: | gaztelania |
| Argitaratua: |
Concepción
Universidad Católica de la Santisima Concepción
2014
|
| Edizioa: | 1a. ed |
| Gaiak: | |
| Etiketak: |
Etiketa erantsi
Etiketarik gabe, Izan zaitez lehena erregistro honi etiketa jartzen!
|
MARC
| LEADER | 00000cam a2200000 a 4500 | ||
|---|---|---|---|
| 001 | UCE5408 | ||
| 003 | CL-VaPUC | ||
| 008 | 141230e20140000cl |||||||||||||||||spa|d | ||
| 020 | |a 9789567943657 | ||
| 020 | |a 9789567943654 | ||
| 082 | 0 | 4 | |a 624.151 |b VIL |2 21 |
| 100 | 0 | |a Villalobos, Felipe |e author |9 578030 | |
| 245 | 1 | 0 | |a Mecánica de suelos |
| 250 | |a 1a. ed | ||
| 300 | |a 428 p | ||
| 942 | |c BK | ||
| 945 | |d 20141230 16:04:00 |a arojas | ||
| 260 | |a Concepción |b Universidad Católica de la Santisima Concepción |c 2014 | ||
| 650 | 0 | |a Mecánica de suelos |9 260278 | |
| 650 | 0 | |a Suelos |9 260322 | |
| 650 | 0 | |a Drenaje |9 262510 | |
| 650 | 0 | |a Ingeniería hidráulica |9 260281 | |
| 650 | 0 | |a Propiedades del suelo |9 350106 | |
| 650 | 7 | |a FISICA DEL SUELO |2 CL-VaPUC |9 350105 | |
| 583 | |a last modification |c 20141230 16:04:00 |k Rodrigo Vera | ||
| 999 | |c 358136 |d 358134 | ||
| 952 | |0 0 |1 0 |3 erb |4 0 |6 624_151000000000000_VIL_2014 |7 0 |8 A |9 466638 |a BIBING |b BIBING |i 5133300 |l 3 |m 2 |o 624.151 VIL 2014 |p 5133300 |r 2025-04-10 |s 2025-04-02 |w 2019-11-23 |y BK |z Catalogado en:20141230 |k CIC | ||
| 952 | |0 0 |1 0 |3 erb |4 0 |6 624_151000000000000_VIL_2014 |7 0 |8 A |9 466639 |a BIBING |b BIBING |i 5292379 |l 1 |o 624.151 VIL 2014 |p 5292379 |r 2025-01-20 |s 2022-09-07 |w 2019-11-23 |y BK |z Catalogado en:20160616 |k CCL | ||
| 952 | |0 0 |1 0 |3 erb |4 0 |6 624_151000000000000_VIL_2014 |7 0 |8 A |9 466640 |a BIBING |b BIBING |i 5292387 |l 3 |o 624.151 VIL 2014 |p 5292387 |r 2025-01-20 |s 2024-06-10 |w 2019-11-23 |y BK |z Catalogado en:20160616 |k CCL | ||
| 952 | |0 0 |1 0 |3 erb |4 0 |6 624_151000000000000_VIL_2014 |7 0 |8 A |9 466641 |a BIBING |b BIBING |i 5292395 |l 2 |o 624.151 VIL 2014 |p 5292395 |r 2025-04-09 |s 2025-04-02 |w 2019-11-23 |y BK |z Catalogado en:20160616 |k CCL | ||
| 952 | |0 0 |1 0 |3 erb |4 0 |6 624_151000000000000_VIL_2014 |7 0 |8 A |9 466642 |a BIBING |b BIBING |i 5292409 |l 2 |o 624.151 VIL 2014 |p 5292409 |r 2025-01-20 |s 2023-05-12 |w 2019-11-23 |y BK |z Catalogado en:20160616 |k CCL | ||
| 952 | |0 0 |1 0 |3 erb |4 0 |6 624_151000000000000_VIL_2014 |7 0 |8 A |9 466643 |a BIBING |b BIBING |i 5292417 |o 624.151 VIL 2014 |p 5292417 |r 2025-01-20 |w 2019-11-23 |y BK |z Catalogado en:20160616 |k CCL | ||